000 00621nam a2200193Ii 4500
003 JO-AjNU
008 230605s9999||||xx |||||||||||||| ||und||
040 _aJO-AjNU
_bara
_erda
_cJO-AjNU
041 _aara
050 1 4 _aSF522.N8438 2004
100 3 _aنوفل ، حسن عبدالرحمن,
_eauthor
_910512
245 0 0 _aالنحل ومنتجاته من ايات الله ومعجزاته
264 3 1 _aعمان:دار الفرقان ، 2004
300 _a164ص
336 _atext
_btxt
_2rdacontent
337 _aunmediated
_bn
_2rdamedia
338 _avolume
_bnc
_2rdacarrier
650 4 _aعسل النحل
_910513
999 _aA1843
_c5411
_d5411